000
00293nam a22001337a 4500
008
181102b xxu||||| |||| 00| 0 eng d
020
_a
9781563635908
041
_a
eng
080
_a
616.8-006
100
_a
6
101
_a
KAN
245
_a
Colorectal Cancer
_c
Benson, A.B
942
_2
udc
_c
BK
999
_c
51615
_d
51615